Unique Pokémon Type Combinations - Statistics

General Stats
  • This quiz has been taken 44 times
    40 since last reset
  • The average score is 23 of 33
Answer Stats
Hint Answer % Correct
Normal/Ghost Hisuian Zoroark
89%
Normal/Water Bibarel
83%
Electric/Ghost and Electric/Fire Rotom
81%
Ghost/Bug Shedinja
81%
Ground/Psychic Claydol
78%
Ice/Fighting Crabominable
78%
Poison/Flying Crobat
78%
Fire/Normal Pyroar
78%
Poison/Electric Toxtricity
78%
Ice/Ghost Froslass
75%
Ice/Fire Galarian Zen Mode Darmanitan
75%
Fire/Steel Heatran
75%
Bug/Dark Lokix
75%
Bug/Fairy Ribombee
75%
Rock/Dark Tyranitar
75%
Ice/Bug Frosmoth
72%
Ice/Ground Mamoswine
72%
Rock/Dragon Tyrantrum
72%
Grass/Ice Abomasnow
69%
Electric/Psychic Alolan Raichu
69%
Normal/Poison Grafaiai
69%
Ground/Fighting Great Tusk
69%
Normal/Electric Heliolisk
69%
Dragon/Fairy Mega Altaria
69%
Dark/Fairy Grimmsnarl
67%
Electric/Dark Morpeko
64%
Steel/Poison Revavroom
64%
Fairy/Fighting Iron Valiant
61%
Dark/Steel Kingambit
61%
Rock/Fighting Terrakion
58%
Ice/Steel Alolan Sandslash
56%
Ice/Fairy Alolan Ninetales
53%
Water/Steel Emploeon
3%
No matching quizzes found
Score Distribution
Percent of People with Each Score
Percentile by Number Answered
Your Score History
You have not taken this quiz since the last reset